PHARMACOGNOSY OF TRADITIONAL DRUG (Record no. 5783)

MARC details
000 -LEADER
fixed length control field 00440nam a22001577a 4500
005 - DATE AND TIME OF LATEST TRANSACTION
control field 20240106160710.0
008 - FIXED-LENGTH DATA ELEMENTS--GENERAL INFORMATION
fixed length control field 190326b xxu||||| |||| 00| 0 eng d
020 ## - INTERNATIONAL STANDARD BOOK NUMBER
ISBN 978-93-51642-05-3
041 ## - LANGUAGE CODE
Language code of text/sound track or separate title eng
100 ## - MAIN ENTRY--AUTHOR NAME
Personal name GOKHALE, S.B. ,KOKATE,DR. C.K.,GOKHALE,DR. ALPANA.,AND KALASKAR,DR. M.G
245 ## - TITLE STATEMENT
Title PHARMACOGNOSY OF TRADITIONAL DRUG
250 ## - EDITION STATEMENT
Edition statement 3rd, 2017
260 ## - PUBLICATION, DISTRIBUTION, ETC. (IMPRINT)
Place of publication PUNE
Name of publisher NIRALI PRAKASHAN
300 ## - PHYSICAL DESCRIPTION
Number of Pages B-1p,
942 ## - ADDED ENTRY ELEMENTS (KOHA)
Koha item type Books
Holdings
Lost status Damaged status Collection code Home library Current library Shelving location Date acquired Source of acquisition Cost, normal purchase price Accession Number Koha item type
    Reference JRU Library JRU Library SHELF-4-B 26/03/2019 PURCHESS 270.00 22534 Books
    PHARMACY JRU Library JRU Library SHELF-18-G 26/03/2019 PURCHESS 270.00 22535 Books
    PHARMACY JRU Library JRU Library SHELF-18-G 26/03/2019 PURCHESS 270.00 22536 Books